000 00564nam a2200181 i 4500
001 120872
003 ES-MaACL
005 20230906191635.0
007 t|
008 070214s1973 sp r ||||1| spa d
100 1 _aPomar, Arturo.
_992896
245 1 0 _aMallorca bajo el mar /
_cArturo Pomar ; prólogo de J. Mascaró Pasarius.
260 _aPalma de Mallorca :
_bCort,
_c1973.
300 _a148 p., 34l ám. :
_bil. ;
_c22 cm.
650 0 4 _aExploraciones submarinas.
_912697
700 1 _aMascaró Pasarius, J.
_978687
852 _aES-MaACL
_jC-56082
_bR.88803
999 _c120872
_d120872